Spôsob destilačného oddeľovania malých množstiev frakcie stredne vriacich zložiek zo zmesí kvapaín. B 01D 3/14

Bibliographic Details
Main Author: Beerse, Lisa Ann (Author)
Format: Book
Language:Undetermined
PhysicalDescription:5 s.
Published: Bratislava Úrad priemyselného vlastníctva SR 1999

MARC

LEADER 00000nam a2200000 a 4500
001 vtls001364853
003 SK-MaSNL
005 20260301010820.0
008 240315sm y0 xo 0 und
035 |a SNK000318502 
040 |a SNK  |b slo  |c SNK  |e AACR2 
044 |a xo  |c SK 
100 1 |a Beerse, Lisa Ann  |4 aut  |9 293226 
245 1 |a Spôsob destilačného oddeľovania malých množstiev frakcie stredne vriacich zložiek zo zmesí kvapaín. B 01D 3/14 
260 |a Bratislava  |b Úrad priemyselného vlastníctva SR  |c 1999 
300 |a 5 s. 
999 |c 549151  |d 551081 
952 |t P60, <04>, [BOOK], {604}  |a SNK  |b SNK  |y VYP  |7 0  |p 17A0194328  |o snkSK 279405  |i snkPS 265/99  |0 0  |1 0  |4 0  |d 1999-06-02  |l 0  |r 2005-01-02 00:00:00  |w 2026-02-23